[Event "Stuttgart-chB op"]
[Site "Ditzingen"]
[Date "2015.05.16"]
[Round "6"]
[White "Blum, Michael"]
[Black "Giugno, Carmelo"]
[Result "0-1"]
[WhiteElo "1562"]
[BlackElo "1659"]
[PlyCount "82"]
[EventDate "2015.05.17"]
[EventType "swiss"]
[EventRounds "7"]
[EventCountry "GER"]
[SourceTitle "EXT 2018"]
[Source "ChessBase"]
[SourceDate "2017.10.13"]
[SourceVersion "1"]
[SourceVersionDate "2017.10.13"]
[SourceQuality "1"]

1. e4 e5 2. Nf3 Nc6 3. Bb5 Nge7 4. 0-0 d6 5. h3 Bd7 6. d4 a6 7. Ba4 b5 8. Bb3 exd4 9. Nxd4 Na5 10. Bg5 Nxb3 11. axb3 h6 12. Bh4 c5 13. Nf3 Be6 14. Nc3 Qd7 15. Kh2 g5 16. Bg3 Ng6 17. Ng1 Nf4 18. f3 Bg7 19. Qe1 Be5 20. Rd1 h5 21. Kh1 h4 22. Bh2 Qc7 23. Nd5 Bxd5 24. exd5 0-0-0 25. c3 Rde8 26. Qe4 Qd7 27. Ra1 Qb7 28. Bxf4 Bxf4 29. Qc2 Re3 30. Rfe1 Rhe8 31. Rxe3 Rxe3 32. Rd1 f5 33. Ne2 Be5 34. Rd3 Rxd3 35. Qxd3 Qf7 36. Qd1 f4 37. Ng1 Qf5 38. Kh2 c4 39. bxc4 bxc4 40. Ne2 Qd3 41. Qxd3 cxd3 0-1

[Event "Stuttgart-chB op"]
[Site "Ditzingen"]
[Date "2015.05.15"]
[Round "3"]
[White "Muench, Werner"]
[Black "Giugno, Carmelo"]
[Result "1/2-1/2"]
[WhiteElo "1804"]
[BlackElo "1659"]
[PlyCount "99"]
[EventDate "2015.05.17"]
[EventType "swiss"]
[EventRounds "7"]
[EventCountry "GER"]
[SourceTitle "EXT 2018"]
[Source "ChessBase"]
[SourceDate "2017.10.13"]
[SourceVersion "1"]
[SourceVersionDate "2017.10.13"]
[SourceQuality "1"]

1. d4 g6 2. c4 Nf6 3. Nc3 Bg7 4. e4 d6 5. Be2 0-0 6. Nf3 c5 7. d5 Qa5 8. 0-0 Bg4 9. Nd2 Bxe2 10. Qxe2 Nbd7 11. Nf3 Rae8 12. Be3 Ng4 13. Rac1 e6 14. dxe6 fxe6 15. Rfd1 Nde5 16. Nxe5 Nxe3 17. Qxe3 Bxe5 18. Rc2 Bd4 19. Qg3 Be5 20. Qd3 Rf7 21. Ne2 Ref8 22. Rf1 Qd8 23. Rd2 Qh4 24. f4 Bxf4 25. Nxf4 Rxf4 26. Rxf4 Qxf4 27. g3 Qe5 28. Qxd6 Qxe4 29. Qd3 Qg4 30. Kg2 h6 31. h3 Qg5 32. Rf2 Rxf2+ 33. Kxf2 Qf5+ 34. Ke3 Qxd3+ 35. Kxd3 Kf7 36. Ke4 Kf6 37. h4 h5 38. Kf4 a5 39. a4 e5+ 40. Ke4 Ke6 41. b3 Kd6 42. Kf3 Ke6 43. g4 hxg4+ 44. Kxg4 e4 45. Kf4 e3 46. Kxe3 Kf5 47. Kf3 Ke6 48. Ke4 Kd6 49. Kf4 Ke6 50. Ke4 1/2-1/2

[Event "Stuttgart-chB int"]
[Site "Ditzingen"]
[Date "2014.05.31"]
[Round "6"]
[White "Petitto, Francesco"]
[Black "Giugno, Carmelo"]
[Result "1-0"]
[WhiteElo "1647"]
[BlackElo "1447"]
[PlyCount "71"]
[EventDate "2014.05.29"]
[EventType "swiss"]
[EventRounds "7"]
[EventCountry "GER"]
[SourceTitle "EXT 2015"]
[Source "ChessBase"]
[SourceDate "2014.11.20"]
[SourceVersion "1"]
[SourceVersionDate "2014.11.20"]
[SourceQuality "1"]

1. e4 e5 2. Nf3 Nc6 3. Bb5 d6 4. d4 exd4 5. Nxd4 Bd7 6. Nxc6 bxc6 7. Bc4 Nf6 8. Bg5 Be7 9. 0-0 0-0 10. Nc3 Rb8 11. b3 h6 12. Bh4 Bg4 13. f3 Be6 14. Bxe6 fxe6 15. Ne2 e5 16. c4 Qe8 17. Ng3 g5 18. Qd2 Qg6 19. Nf5 Rbe8 20. Bf2 Nh5 21. Qa5 g4 22. Kh1 g3 23. hxg3 Bd8 24. Qxa7 Nf6 25. Rad1 Rf7 26. Be3 Rh7 27. Qa8 h5 28. Qxc6 Rf8 29. a4 Kh8 30. a5 Ng4 31. fxg4 hxg4+ 32. Kg1 Qh5 33. a6 Rf6 34. a7 Qh2+ 35. Kf2 d5 36. Qe8+ 1-0

[Event "Stuttgart-chB int"]
[Site "Ditzingen"]
[Date "2014.05.30"]
[Round "4"]
[White "Behm, Wilfried"]
[Black "Giugno, Carmelo"]
[Result "1-0"]
[WhiteElo "1844"]
[BlackElo "1447"]
[PlyCount "91"]
[EventDate "2014.05.29"]
[EventType "swiss"]
[EventRounds "7"]
[EventCountry "GER"]
[SourceTitle "EXT 2015"]
[Source "ChessBase"]
[SourceDate "2014.11.20"]
[SourceVersion "1"]
[SourceVersionDate "2014.11.20"]
[SourceQuality "1"]

1. d4 Nf6 2. c4 g6 3. Nc3 d5 4. e3 Bg7 5. Nf3 Bg4 6. Be2 0-0 7. Qb3 dxc4 8. Bxc4 Bxf3 9. gxf3 Nc6 10. Bd3 Ne5 11. Be2 Nc6 12. Qxb7 Na5 13. Qa6 c5 14. dxc5 Qc7 15. b4 Nd7 16. Bd2 Nc6 17. Rb1 Rab8 18. Nd5 Qc8 19. Qxc6 Qd8 20. Qc7 Qe8 21. 0-0 Be5 22. Qa5 e6 23. Nc3 Rb7 24. c6 Qb8 25. f4 Bxc3 26. Bxc3 Rc7 27. b5 Rfc8 28. Bd4 Nb6 29. Be5 Nd5 30. Bxc7 Rxc7 31. Qd2 Nf6 32. Bf3 g5 33. fxg5 Ne8 34. Rfd1 Rc8 35. Be4 Qe5 36. Qd3 Qxg5+ 37. Kh1 Qf6 38. Rg1+ Kh8 39. Qe2 Ng7 40. Rg3 Qe5 41. Qf3 f5 42. Bd3 Rd8 43. Be2 Qc7 44. Rbg1 Rg8 45. Qg2 Qe5 46. Rxg7 1-0

[Event "Stuttgart-chB int"]
[Site "Ditzingen"]
[Date "2014.05.30"]
[Round "5"]
[White "Giugno, Carmelo"]
[Black "Lehnhardt, Julian"]
[Result "0-1"]
[WhiteElo "1447"]
[BlackElo "1593"]
[PlyCount "79"]
[EventDate "2014.05.29"]
[EventType "swiss"]
[EventRounds "7"]
[EventCountry "GER"]
[SourceTitle "EXT 2015"]
[Source "ChessBase"]
[SourceDate "2014.11.20"]
[SourceVersion "1"]
[SourceVersionDate "2014.11.20"]
[SourceQuality "1"]

1. d4 e6 2. c4 Nf6 3. Nc3 d5 4. Nf3 Bb4 5. Bg5 h6 6. Bh4 c6 7. e3 Nbd7 8. Be2 Qa5 9. Qc2 Ne4 10. Rc1 Qxa2 11. 0-0 Nxc3 12. bxc3 Qxc2 13. Rxc2 Bd6 14. c5 Bc7 15. c4 0-0 16. Be7 Re8 17. Bd6 Bxd6 18. cxd6 dxc4 19. Bxc4 b5 20. Be2 Bb7 21. e4 e5 22. d5 Rac8 23. Rfc1 Nb8 24. Nh4 cxd5 25. Rc7 a6 26. Nf5 Kf8 27. Ne7 Rxc7 28. Rxc7 Ba8 29. exd5 b4 30. Bc4 Rd8 31. Nc8 Nd7 32. Bxa6 Bxd5 33. Bb5 b3 34. Bxd7 Be4 35. Bc6 Bxc6 36. Rxc6 b2 37. Rb6 Rxc8 38. h3 Rc1+ 39. Kh2 b1Q 40. d7 0-1

[Event "Stuttgart-chB int"]
[Site "Ditzingen"]
[Date "2014.05.29"]
[Round "3"]
[White "Giugno, Carmelo"]
[Black "Hornung, Richard"]
[Result "0-1"]
[WhiteElo "1447"]
[BlackElo "1734"]
[PlyCount "67"]
[EventDate "2014.05.29"]
[EventType "swiss"]
[EventRounds "7"]
[EventCountry "GER"]
[SourceTitle "EXT 2015"]
[Source "ChessBase"]
[SourceDate "2014.11.20"]
[SourceVersion "1"]
[SourceVersionDate "2014.11.20"]
[SourceQuality "1"]

1. d4 Nf6 2. c4 c6 3. Nc3 d5 4. Nf3 e6 5. Bg5 Be7 6. e3 0-0 7. cxd5 exd5 8. Bd3 Bg4 9. h3 Bxf3 10. Qxf3 a5 11. a4 Na6 12. 0-0 Nb4 13. Bb1 Nd7 14. Bxe7 Qxe7 15. e4 dxe4 16. Qxe4 Qxe4 17. Nxe4 Rfd8 18. Ng3 Nb6 19. Ne2 Re8 20. Nf4 Rad8 21. Bf5 Rxd4 22. Rfe1 Rxe1+ 23. Rxe1 g6 24. Ne2 Rd2 25. Bg4 Nd3 26. Rb1 Ne5 27. Kf1 Nxg4 28. hxg4 Nxa4 29. b4 axb4 30. Ke1 Rb2 31. Rd1 Rxe2+ 32. Kxe2 Nc3+ 33. Kd2 Nxd1 34. Kxd1 0-1

[Event "Stuttgart-chB int"]
[Site "Ditzingen"]
[Date "2012.05.20"]
[Round "7"]
[White "Hennig, Jan"]
[Black "Giugno, Carmelo"]
[Result "1/2-1/2"]
[WhiteElo "1753"]
[BlackElo "1511"]
[PlyCount "43"]
[EventDate "2012.05.17"]
[EventType "swiss"]
[EventRounds "7"]
[EventCountry "GER"]
[SourceTitle "EXT 2018"]
[Source "ChessBase"]
[SourceDate "2017.10.13"]
[SourceVersion "1"]
[SourceVersionDate "2017.10.13"]
[SourceQuality "1"]

1. c4 Nf6 2. Nc3 g6 3. Nf3 Bg7 4. g3 Nc6 5. Bg2 d6 6. 0-0 Bg4 7. d3 Qc8 8. Rb1 Bh3 9. b4 Bxg2 10. Kxg2 a6 11. a4 Ng4 12. Bd2 Nge5 13. Nxe5 Nxe5 14. b5 0-0 15. Nd5 Qd7 16. Ba5 b6 17. Bxb6 cxb6 18. Nxb6 Qb7+ 19. Nd5 Rab8 20. bxa6 Qa8 21. Kg1 Qa7 22. Qc2 1/2-1/2

[Event "Stuttgart-chB int"]
[Site "Ditzingen"]
[Date "2012.05.18"]
[Round "3"]
[White "Kuhn, Magnus"]
[Black "Giugno, Carmelo"]
[Result "1-0"]
[WhiteElo "1658"]
[BlackElo "1511"]
[PlyCount "127"]
[EventDate "2012.05.17"]
[EventType "swiss"]
[EventRounds "7"]
[EventCountry "GER"]
[SourceTitle "EXT 2018"]
[Source "ChessBase"]
[SourceDate "2017.10.13"]
[SourceVersion "1"]
[SourceVersionDate "2017.10.13"]
[SourceQuality "1"]

1. e4 e6 2. d4 d5 3. e5 c5 4. c3 Nc6 5. Nf3 Qb6 6. Be2 cxd4 7. cxd4 Bb4+ 8. Nc3 Nge7 9. a3 Bxc3+ 10. bxc3 a5 11. Bd2 a4 12. Rb1 Qa7 13. 0-0 Bd7 14. Rb2 Na5 15. Qb1 0-0 16. Bd1 b5 17. Be2 Nc4 18. Bxc4 dxc4 19. Ng5 Ng6 20. Ne4 Rab8 21. Nd6 Nh4 22. Rb4 Qa8 23. f3 Qd5 24. Nxc4 Ng6 25. Nd6 Nxe5 26. dxe5 Qxd2 27. Nxb5 Qe3+ 28. Kh1 Qxe5 29. c4 Qf4 30. g3 Qe3 31. Qc1 Qe2 32. Qd1 Qxd1 33. Rxd1 Rbd8 34. Kg2 Bc6 35. Rd6 Rxd6 36. Nxd6 Rd8 37. c5 h5 38. Rb6 Bd5 39. c6 Bxc6 40. Rxc6 Rd7 41. Kf2 Kf8 42. Ke3 Ke7 43. Ne4 Rb7 44. Nc5 Rb1 45. Nxa4 Rh1 46. h4 Rg1 47. Kf2 Rd1 48. Rc7+ Kf6 49. Nc3 Rd2+ 50. Ke3 Rg2 51. a4 Kg6 52. Ne2 Kf6 53. Rc1 g5 54. hxg5+ Kxg5 55. a5 h4 56. a6 h3 57. a7 f5 58. a8Q f4+ 59. gxf4+ Kf5 60. Qe4+ Kf6 61. Qe5+ Ke7 62. Rc7+ Kf8 63. Qf6+ Kg8 64. Qd8# 1-0

[Event "Stuttgart-chB int"]
[Site "Ditzingen"]
[Date "2012.05.17"]
[Round "1"]
[White "Zimmermann, Tobias"]
[Black "Giugno, Carmelo"]
[Result "1-0"]
[WhiteElo "1736"]
[BlackElo "1511"]
[PlyCount "45"]
[EventDate "2012.05.17"]
[EventType "swiss"]
[EventRounds "7"]
[EventCountry "GER"]
[SourceTitle "EXT 2018"]
[Source "ChessBase"]
[SourceDate "2017.10.13"]
[SourceVersion "1"]
[SourceVersionDate "2017.10.13"]
[SourceQuality "1"]

1. e4 c5 2. Nf3 Nc6 3. d4 cxd4 4. Nxd4 Nf6 5. Nc3 a6 6. Be2 Qa5 7. 0-0 Nxd4 8. Qxd4 e5 9. Qd3 Be7 10. Bg5 0-0 11. Qg3 d6 12. Bh6 Ne8 13. Nd5 Qd8 14. Be3 f5 15. Bb6 f4 16. Bxd8 fxg3 17. Nxe7+ Kh8 18. fxg3 Nf6 19. Nxc8 Rxc8 20. Bxf6 gxf6 21. c3 b5 22. Rad1 Rcd8 23. Rd5 1-0

[Event "Stuttgart-chB int"]
[Site "Gerlingen"]
[Date "2011.06.04"]
[Round "6"]
[White "Giugno, Carmelo"]
[Black "Griesche, Veit"]
[Result "1-0"]
[WhiteElo "1517"]
[BlackElo "1342"]
[PlyCount "47"]
[EventDate "2011.06.02"]
[EventType "swiss"]
[EventRounds "7"]
[EventCountry "GER"]
[SourceTitle "EXT 2018"]
[Source "ChessBase"]
[SourceDate "2017.10.13"]
[SourceVersion "1"]
[SourceVersionDate "2017.10.13"]
[SourceQuality "1"]

1. d4 d5 2. c4 e6 3. Nf3 Nf6 4. Nc3 Be7 5. Bf4 c5 6. e3 0-0 7. Be2 Qb6 8. Qc2 Nc6 9. Rd1 cxd4 10. exd4 dxc4 11. Bxc4 Na5 12. Bd3 h6 13. 0-0 Bd6 14. Be3 Qc7 15. Rc1 Nc6 16. Qd2 Ng4 17. g3 Nxe3 18. Qxe3 Bd7 19. Qe4 f5 20. Qe2 Rae8 21. Nh4 Nxd4 22. Qh5 a6 23. Ng6 Rf6 24. Nd5 1-0

[Event "Stuttgart-chB int"]
[Site "Gerlingen"]
[Date "2011.06.03"]
[Round "3"]
[White "Giugno, Carmelo"]
[Black "Schmitz, Harald"]
[Result "0-1"]
[WhiteElo "1517"]
[BlackElo "1739"]
[PlyCount "92"]
[EventDate "2011.06.02"]
[EventType "swiss"]
[EventRounds "7"]
[EventCountry "GER"]
[SourceTitle "EXT 2018"]
[Source "ChessBase"]
[SourceDate "2017.10.13"]
[SourceVersion "1"]
[SourceVersionDate "2017.10.13"]
[SourceQuality "1"]

1. d4 Nf6 2. c4 g6 3. Nc3 d5 4. Nf3 Bg7 5. Bg5 c6 6. a4 0-0 7. Qd2 Bf5 8. Bh6 Nbd7 9. Bxg7 Kxg7 10. h3 dxc4 11. g4 Be4 12. Bg2 Bxf3 13. Bxf3 Nb6 14. e4 e5 15. dxe5 Qxd2+ 16. Kxd2 Nfd7 17. a5 Nxe5 18. Be2 Rad8+ 19. Kc2 Na8 20. Rad1 g5 21. Rhf1 Nc7 22. Rxd8 Rxd8 23. Rd1 Rxd1 24. Nxd1 Ne6 25. Kc3 Nf4 26. Bf1 b5 27. axb6 axb6 28. Ne3 b5 29. Kd4 Kf6 30. Kc5 Ke6 31. Nf5 Kd7 32. Kd4 f6 33. Ke3 c5 34. h4 Nxg4+ 35. Kd2 Nxf2 36. Ke3 Nd1+ 37. Kf3 Nxb2 38. hxg5 fxg5 39. Kg4 Nbd3 40. Kxg5 b4 41. Ne3 c3 42. Kf5 b3 43. e5 c2 44. e6+ Nxe6 45. Bxd3 c1Q 46. Bb5+ Kd8 0-1

[Event "Stuttgart-chB int"]
[Site "Gerlingen"]
[Date "2011.06.02"]
[Round "1"]
[White "Keller, Marcel"]
[Black "Giugno, Carmelo"]
[Result "1-0"]
[WhiteElo "1755"]
[BlackElo "1517"]
[PlyCount "77"]
[EventDate "2011.06.02"]
[EventType "swiss"]
[EventRounds "7"]
[EventCountry "GER"]
[SourceTitle "EXT 2018"]
[Source "ChessBase"]
[SourceDate "2017.10.13"]
[SourceVersion "1"]
[SourceVersionDate "2017.10.13"]
[SourceQuality "1"]

1. e4 c5 2. Nf3 Nc6 3. Bb5 Qc7 4. 0-0 a6 5. Bxc6 Qxc6 6. d3 d6 7. h3 e5 8. Nc3 Nf6 9. Bg5 Be7 10. Bxf6 gxf6 11. Nd5 Rg8 12. Kh1 Be6 13. Nxe7 Kxe7 14. Rg1 Qd7 15. Kh2 Rg6 16. Qd2 Rag8 17. Nh4 Rg5 18. f3 Rh5 19. Qf2 Rh6 20. g4 Rg5 21. Nf5+ Bxf5 22. exf5 Qa4 23. Qd2 Qc6 24. Kg3 Qd7 25. h4 Qxf5 26. hxg5 Qxg5 27. Qxg5 fxg5 28. Rh1 Rg6 29. Rxh7 Ke6 30. Rah1 f5 31. R1h6 f4+ 32. Kf2 Rxh6 33. Rxh6+ Kd5 34. c4+ Kc6 35. Rg6 b5 36. Rxg5 bxc4 37. dxc4 a5 38. Rg8 d5 39. Rg6+ 1-0

[Event "Stuttgart-chB int"]
[Site "Ditzingen"]
[Date "2010.05.16"]
[Round "7"]
[White "Giugno, Carmelo"]
[Black "Hennig, Jan"]
[Result "1-0"]
[WhiteElo "1506"]
[BlackElo "1783"]
[PlyCount "51"]
[EventDate "2010.05.13"]
[EventType "swiss"]
[EventRounds "7"]
[EventCountry "GER"]
[SourceTitle "EXT 2018"]
[Source "ChessBase"]
[SourceDate "2017.10.13"]
[SourceVersion "1"]
[SourceVersionDate "2017.10.13"]
[SourceQuality "1"]

1. d4 Nf6 2. c4 g6 3. Nc3 Bg7 4. Nf3 0-0 5. Bg5 c6 6. Qd2 d6 7. Bh6 Bg4 8. Bxg7 Kxg7 9. Ng5 d5 10. h3 Be6 11. c5 b6 12. b4 a5 13. cxb6 axb4 14. b7 bxc3 15. bxa8Q cxd2+ 16. Kxd2 Ne4+ 17. Nxe4 dxe4 18. e3 Qb6 19. Qa3 Rd8 20. Be2 c5 21. Rhb1 Qc7 22. Rc1 c4 23. Qc3 Qh2 24. Ke1 Qg1+ 25. Bf1 Kf8 26. d5 1-0

[Event "Stuttgart-chB int"]
[Site "Ditzingen"]
[Date "2009.05.23"]
[Round "6"]
[White "Giugno, Carmelo"]
[Black "Schmidt, Tobias"]
[Result "1-0"]
[WhiteElo "1549"]
[BlackElo "1057"]
[PlyCount "41"]
[EventDate "2009.05.21"]
[EventType "swiss"]
[EventRounds "7"]
[EventCountry "GER"]
[SourceTitle "EXT 2018"]
[Source "ChessBase"]
[SourceDate "2017.10.13"]
[SourceVersion "1"]
[SourceVersionDate "2017.10.13"]
[SourceQuality "1"]

1. d4 d5 2. c4 dxc4 3. Nc3 a6 4. a4 Nc6 5. Nf3 Bg4 6. e3 Na5 7. Be2 e6 8. 0-0 Nf6 9. h3 Bxf3 10. Bxf3 c5 11. Qc2 cxd4 12. exd4 Qxd4 13. Rd1 Qb6 14. Bg5 Be7 15. Rab1 Rd8 16. Rxd8+ Bxd8 17. Be3 Qc7 18. g4 0-0 19. g5 Nd7 20. h4 g6 21. Ne4 1-0

[Event "Stuttgart-chB int"]
[Site "Ditzingen"]
[Date "2009.05.21"]
[Round "3"]
[White "Giugno, Carmelo"]
[Black "Langer, Helmut"]
[Result "0-1"]
[WhiteElo "1549"]
[BlackElo "1338"]
[PlyCount "140"]
[EventDate "2009.05.21"]
[EventType "swiss"]
[EventRounds "7"]
[EventCountry "GER"]
[SourceTitle "EXT 2018"]
[Source "ChessBase"]
[SourceDate "2017.10.13"]
[SourceVersion "1"]
[SourceVersionDate "2017.10.13"]
[SourceQuality "1"]

1. d4 Nf6 2. c4 e5 3. e3 exd4 4. exd4 d5 5. Nc3 h6 6. Nf3 Bb4 7. Be2 dxc4 8. Bxc4 Qe7+ 9. Be2 0-0 10. 0-0 a6 11. Re1 Qd6 12. Bd2 Be6 13. Qc2 Nc6 14. a3 Ba5 15. b4 Bb6 16. Rad1 Ne7 17. Be3 Ned5 18. Ne4 Nxe4 19. Qxe4 Nc3 20. Qh4 Nxe2+ 21. Rxe2 Bc4 22. Red2 f6 23. Bf4 Qe7 24. Qg3 Bd5 25. Re1 Qf7 26. Bxh6 Bxf3 27. gxf3 Rfe8 28. Be3 Rad8 29. Red1 Rd5 30. f4 c6 31. Kh1 Red8 32. Qg4 f5 33. Qf3 Qf6 34. Qh5 g6 35. Qg5 Qg7 36. a4 R8d7 37. a5 Ba7 38. Kg2 Bb8 39. Kf3 Bd6 40. Rb2 Be7 41. Qg3 Bf6 42. Rbd2 Kf7 43. h4 Bxd4 44. h5 Bc3 45. Qxg6+ Qxg6 46. hxg6+ Kxg6 47. Rxd5 Rxd5 48. Rxd5 cxd5 49. Bc5 Bd2 50. Bd6 Kf6 51. Bc5 Ke6 52. Bf8 Kd7 53. Bc5 Kc6 54. Ke2 Bxf4 55. Kd3 Be5 56. f3 Kb5 57. Be7 Bb2 58. Kc2 Be5 59. Bc5 Kc4 60. Kd2 Bc3+ 61. Ke3 Bxb4 62. Bxb4 Kxb4 63. Kd4 Kxa5 64. Kxd5 b5 65. Ke5 b4 66. Kxf5 b3 67. Ke6 b2 68. f4 b1Q 69. f5 Qf1 70. f6 Kb4 0-1

[Event "Stuttgart-chB int"]
[Site "Ditzingen"]
[Date "2008.05.01"]
[Round "2"]
[White "Florio, Antonio"]
[Black "Giugno, Carmelo"]
[Result "1-0"]
[WhiteElo "1750"]
[BlackElo "1503"]
[PlyCount "101"]
[EventDate "2008.05.01"]
[EventType "swiss"]
[EventRounds "7"]
[EventCountry "GER"]
[SourceTitle "EXT 2018"]
[Source "ChessBase"]
[SourceDate "2017.10.13"]
[SourceVersion "1"]
[SourceVersionDate "2017.10.13"]
[SourceQuality "1"]

1. d4 Nf6 2. Nf3 g6 3. c4 b6 4. g3 Bb7 5. Bg2 e6 6. 0-0 Bg7 7. Nc3 d6 8. Qc2 Nbd7 9. e4 c5 10. e5 dxe5 11. dxe5 Ng8 12. Nb5 Bf8 13. Rd1 a6 14. Nd6+ Bxd6 15. Rxd6 Qc7 16. Bf4 0-0-0 17. Rad1 h6 18. Qa4 Ne7 19. g4 g5 20. Bg3 Nb8 21. Ne1 Bxg2 22. Nxg2 Nec6 23. Qb3 h5 24. gxh5 Rxh5 25. Rxd8+ Nxd8 26. Qf3 Rh8 27. Qf6 Rg8 28. Ne3 Nbc6 29. Nc2 b5 30. cxb5 axb5 31. Qf3 b4 32. Rd6 Kb8 33. Qd3 Qa5 34. Qc4 Kc7 35. Rd1 Qb6 36. b3 Nb7 37. Qd3 Rd8 38. Qf3 Rxd1+ 39. Qxd1 Nd4 40. Nxd4 cxd4 41. Qc1+ Qc5 42. Qxg5 Kb8 43. h4 d3 44. Bf4 Qc2 45. Qe7 Kc8 46. Qxb4 Qd1+ 47. Kh2 Qg4 48. Bd2 Qf3 49. Qf4 Qe2 50. Qc4+ Kd7 51. Be3 1-0

[Event "Stuttgart-chB int"]
[Site "Ditzingen"]
[Date "2006.05.27"]
[Round "5"]
[White "Giugno, Carmelo"]
[Black "Hahn, Christoph1111"]
[Result "0-1"]
[WhiteElo "1555"]
[BlackElo "1339"]
[PlyCount "122"]
[EventDate "2006.05.25"]
[EventType "swiss"]
[EventRounds "7"]
[EventCountry "GER"]
[SourceTitle "EXT 2018"]
[Source "ChessBase"]
[SourceDate "2017.10.13"]
[SourceVersion "1"]
[SourceVersionDate "2017.10.13"]
[SourceQuality "1"]

1. d4 d5 2. c4 c6 3. Nf3 b6 4. Nc3 Ba6 5. cxd5 cxd5 6. Qa4+ Qd7 7. Qxd7+ Nxd7 8. Nxd5 Rc8 9. Bf4 Kd8 10. Ne5 Nxe5 11. dxe5 e6 12. Nc3 Be7 13. 0-0-0+ Ke8 14. e4 Bxf1 15. Rhxf1 Bb4 16. Rd3 Ne7 17. Rfd1 Ng6 18. Bg5 Ne7 19. Kb1 h6 20. Bxe7 Bxe7 21. Rd7 Bc5 22. f3 a6 23. a3 g6 24. b4 Be7 25. Na4 b5 26. Nc5 Rd8 27. Rxd8+ Bxd8 28. Nxa6 Bb6 29. Rd6 Bg1 30. Rc6 Kd7 31. Rc7+ Kd8 32. Rb7 Re8 33. h3 Re7 34. Rxb5 Ra7 35. Rb8+ Kd7 36. b5 Bd4 37. Rf8 Ke7 38. Rh8 h5 39. Ka2 Bxe5 40. Rh7 Rd7 41. Kb3 Rd2 42. Nb4 Kf8 43. g3 Kg8 44. f4 Bd6 45. Rh6 Kg7 46. Kc3 Bxb4+ 47. axb4 Rd8 48. Rxh5 gxh5 49. Kc4 Rc8+ 50. Kd4 f6 51. b6 Kf7 52. e5 f5 53. Ke3 Rb8 54. Kd4 Rc8 55. Ke3 Ke7 56. Kf3 Rb8 57. g4 hxg4+ 58. hxg4 fxg4+ 59. Kxg4 Rxb6 60. f5 exf5+ 61. Kxf5 Rxb4 0-1